书目信息 |
| 题名: |
怀念上帝之家
|
|
| 作者: | 比安乔蒂 著 ;桂裕芳 译 | |
| 分册: | ||
| 出版信息: | 北京 人民文学出版社 2005.09 |
|
| 页数: | 101页 | |
| 开本: | 21cm | |
| 丛书名: | ||
| 单 册: | ||
| 中图分类: | I565.45 | |
| 科图分类: | ||
| 主题词: | 中篇小说--zhong pian xiao shuo--法国--现代 | |
| 电子资源: | ||
| ISBN: | 7-02-005214-2 | |
| 000 | 01241nam0 2200277 450 | |
| 001 | 012007617953 | |
| 005 | 20070518155303.42 | |
| 010 | @a7-02-005214-2@dCNY10.00 | |
| 100 | @a20070315d2005 km y0chiy0120 ea | |
| 101 | 1 | @achi@cfre |
| 102 | @aCN@b110000 | |
| 105 | @ay z 000ay | |
| 200 | 1 | @a怀念上帝之家@Ahuai nian shang di zhi jia@d= La nostalgie de la maison de dieu@f(法) 埃克托·比安西奥蒂著@F(fa)ai ke tuo·bi an xi ao di zhu@g桂裕芳译@Ggui yu fang yi@zfre |
| 210 | @a北京@c人民文学出版社@d2005.09 | |
| 215 | @a101页@d21cm | |
| 305 | @a据原书2003年版译出 | |
| 314 | @a责任者规范汉译姓:比安乔蒂; 埃克托·比安西奥蒂(1930-),男,法国作家。祖籍意大利,早年居住在阿根廷,后返回欧洲,定居巴黎。著有《没有基督的慈悲》获得费米娜奖。 | |
| 330 | @a本书是一部法国现代长篇小说。书中的主人公为五十七岁的钢琴家,通过回顾生命中的三个场景,表现了三个主题:父母、上帝与音乐。 | |
| 333 | @a文学爱好者、文学研究人员及普通读者。 | |
| 500 | 10 | @aLa nostalgie de la maison de dieu@mChinese |
| 606 | 0 | @a中篇小说@Azhong pian xiao shuo@y法国@z现代 |
| 690 | @aI565.45@v4 | |
| 701 | 1 | @a比安乔蒂@Abi an qiao di@g(Bianciotti, Hector),@f1930-@4著 |
| 702 | 0 | @a桂裕芳@Agui yu fang@4译 |
| 801 | 0 | @aCN@c20070518 |
| 905 | @a10447@dI565.45@eB726 | |
| 怀念上帝之家= La nostalgie de la maison de dieu/(法) 埃克托·比安西奥蒂著/桂裕芳译.-北京:人民文学出版社,2005.09 |
| 101页;21cm |
| 使用对象:文学爱好者、文学研究人员及普通读者。 |
| ISBN 7-02-005214-2:CNY10.00 |
| 本书是一部法国现代长篇小说。书中的主人公为五十七岁的钢琴家,通过回顾生命中的三个场景,表现了三个主题:父母、上帝与音乐。 |
| ● |
| 相关链接 |
|
|
|
正题名:怀念上帝之家
索取号:I565.45/B726
 
预约/预借
| 序号 | 登录号 | 条形码 | 馆藏地/架位号 | 状态 | 备注 |
| 1 | 237513 | 202375134 | 社科二线400B/400B社科库 5排1列6层/ [索取号:I565.45/B726] | 在馆 | |
| 2 | 237514 | 202375143 | 文学库116/116文学库 24排1列5层/ [索取号:I565.45/B726] | 在馆 | |
| 3 | 237515 | 202375152 | 文学库116/116文学库 24排1列5层/ [索取号:I565.45/B726] | 在馆 |